Normal view
MARC view
- Buis, H .
Entry Personal Name
001 - CONTROL NUMBER
- control field: 1452
003 - CONTROL NUMBER IDENTIFIER
- control field: OSt
005 - DATE AND TIME OF LATEST TRANSACTION
- control field: 20160923123521.0
008 - FIXED-LENGTH DATA ELEMENTS
- fixed length control field: 160923|| aca||aabn | a|a d
040 ## - CATALOGING SOURCE
- Original cataloging agency: OSt
- Transcribing agency: OSt
100 ## - HEADING--PERSONAL NAME
- Personal name: Buis, H .
670 ## - SOURCE DATA FOUND
- Source citation: Work cat.: (OSt)3416: Goedseels, V . 1450, New perspective for Energy savings in Agriculture:Current Progress in solar Technologies./ Vol- 2, 1986.
